000 00908nam a2200217 a 4500
001 84586
003 BD-RjUL
005 20250109154946.0
008 250109s1968 bg ||||| |||| 00| 0 ben d
035 _a(BD-RjUL)84586
040 _aBD-RjUL
_beng
_cBD-RjUL
041 _aben
082 _223
_a306.0954923
_bCHC 1988
100 _aচৌধুরী, আবদুল হক
_914775
245 _aচট্টগ্রামের সমাজ ও সংস্কৃতির রূপরেখা /
_cআবদুল হক চৌধুরী
260 _a ঢাকা :
_bবাংলা একাডেমী,
_c১৯৮৮
300 _a৬৭৬ পৃ.;
_c২১ সেমি.
650 _aসংস্কৃতি এবং সামাজিক নৃবিজ্ঞান
_zচট্টগ্রাম
_914776
650 _aCulture and social anthropology
_zChittagong
_914777
942 _2ddc
_cBK
999 _c84586
_d84586